000
00515nam a2200145Ia 4500
008
151213s9999 xx 000 0 und d
100
_a
কাওসার হুসাইন।
245
_a
ইতালো কালভিনোর গল্প।
_c
কাওসার হুসাইন।
260
_a
ঢাকা।
_b
বাংলা একাডেমী।
_c
1996
300
_a
8661 p.
650
_a
Bangla
650
_a
গল্প।
700
_a
কাওসার হুসাইন।
999
_c
4447
_d
4447